Quizzes
Events
Quiz Creation
Community
Videos
Private Events
Remove Ads
Sign In
Join for FREE
Feedback
Dark Mode
Quiz Categories
Sports
Geography
Music
Movies
Television
Just For Fun
Miscellaneous
History
Literature
Language
Science
Gaming
Entertainment
Religion
Holiday
For Kids
Quiz Lab
Recent
Popular Today
Quiz Kudos Today
Editor Picks
Curator Picks
Quizzes by...
Day
Popularity
Type
Ratings
Length
Year
Community
Subscriptions
Recent Discussions
Orange Saloon
Badges
Playlists
Quests
Create
Leaderboards
Showdown
Live 5
Trivia Bingo
Activity
Puzzle Library
Sporcle Events
Private Events
Virtual Trivia
Globe League
Become a Host
Pub Owners
SporcleCon
Opinionation
Our Games
Videos
Blog
Mobile Apps
Partnerships
Remove Ads and Go Orange
Feedback
Sports
Athletes
MLB
NBA
NHL
NFL
Soccer
Sports Teams
WWE
NCAA
Football
Premier League
Basketball
Baseball
Hockey
Golf
Tennis
Cricket
Rugby
Auto Racing
Olympics
World Cup
Sports
Athletes
MLB
NBA
NHL
NFL
Soccer
Sports Teams
WWE
NCAA
Football
Premier League
Basketball
Baseball
Hockey
Golf
Tennis
Cricket
Rugby
Auto Racing
Olympics
World Cup
Random Quiz
Search Sporcle
×
Quiz Lab
Quiz Lab
Sports
Baseball
Type in answers that appear in a list
Type in answers that appear in a list
Classic
Best Score? Go Orange.
Angels Single Season Batting Top 10s Stats
Can you name the best offensive seasons for the Los Angels Angels of Anaheim in each statistical category?
By
Wes_Mantooth
11m
198 Questions
2,064 Plays
2,064 Plays
2,064 Plays
Comments
Comments
Give Quiz Kudos
Give Quiz Kudos
-
- Ratings
hide this ad
More Info
Replay
Link that replays current quiz
Next Quiz
Link to next quiz in quiz playlist
You Got
0%
They Got
Avg Score
69%
Avg Friend Score
Upgrade to see
Score Distribution
Jump to the score distribution portion of the page
Score
0/198
Timer
11:00
0
Plays Today
Statistic
Player
% Correct
PA
Trout (2013) & Erstad (2001)
99.4%
WAR
Mike Trout
99.2%
WAR
Mike Trout
99.2%
WAR
Mike Trout
99.2%
oWAR
Mike Trout
99.2%
oWAR
Mike Trout
99.2%
oWAR
Mike Trout
99.2%
WPA
Mike Trout
99.2%
WPA
Mike Trout
99.2%
WPA
Mike Trout
99.2%
AVG
Mike Trout
99.2%
OBP
Mike Trout
99.2%
SLG
Mike Trout
99.2%
SLG
Mike Trout
99.2%
SLG
Mike Trout
99.2%
OPS+
Mike Trout
99.2%
OPS+
Mike Trout
99.2%
OPS+
Mike Trout
99.2%
H
Mike Trout
99.2%
HR
Mike Trout
99.2%
R
Mike Trout
99.2%
R
Mike Trout
99.2%
SB
Mike Trout
99.2%
SB%
Mike Trout
99.2%
BB
Mike Trout
99.2%
RBI
Guerrero (2006) & Anderson (2003)
96.4%
2B
Abreu (2010), Kendrick (2010)...
93.8%
SB%
Hunter (2012), Cabrera (2006)...
93.7%
WAR
Troy Glaus
93.1%
oWAR
Troy Glaus
93.1%
SLG
Troy Glaus
93.1%
OPS+
Troy Glaus
93.1%
HR
Troy Glaus
93.1%
HR
Troy Glaus
93.1%
R
Troy Glaus
93.1%
BB
Troy Glaus
93.1%
BB
Troy Glaus
93.1%
oWAR
Vladimir Guerrero
92.4%
WPA
Vladimir Guerrero
92.4%
WPA
Vladimir Guerrero
92.4%
AVG
Vladimir Guerrero
92.4%
AVG
Vladimir Guerrero
92.4%
SLG
Vladimir Guerrero
92.4%
SLG
Vladimir Guerrero
92.4%
SLG
Vladimir Guerrero
92.4%
OPS+
Vladimir Guerrero
92.4%
OPS+
Vladimir Guerrero
92.4%
H
Vladimir Guerrero
92.4%
H
Vladimir Guerrero
92.4%
2B
Vladimir Guerrero
92.4%
HR
Vladimir Guerrero
92.4%
RBI
Vladimir Guerrero
92.4%
RBI
Vladimir Guerrero
92.4%
R
Vladimir Guerrero
92.4%
SB%
Vladimir Guerrero
92.4%
IBB
Vladimir Guerrero
92.4%
IBB
Vladimir Guerrero
92.4%
IBB
Vladimir Guerrero
92.4%
IBB
Vladimir Guerrero
92.4%
IBB
Vladimir Guerrero
92.4%
H
Garret Anderson
92.3%
H
Garret Anderson
92.3%
H
Garret Anderson
92.3%
H
Garret Anderson
92.3%
2B
Garret Anderson
92.3%
2B
Garret Anderson
92.3%
Statistic
Player
% Correct
HR
Garret Anderson
92.3%
RBI
Garret Anderson
92.3%
RBI
Garret Anderson
92.3%
RBI
Garret Anderson
92.3%
WAR
Darin Erstad
91.9%
PA
Darin Erstad
91.9%
AVG
Darin Erstad
91.9%
OBP
Darin Erstad
91.9%
H
Darin Erstad
91.9%
R
Darin Erstad
91.9%
SB%
Darin Erstad
91.9%
BB
Salmon (1997) & Pearson (1962)
91.2%
WAR
Tim Salmon
91.1%
oWAR
Tim Salmon
91.1%
WPA
Tim Salmon
91.1%
AVG
Tim Salmon
91.1%
OBP
Tim Salmon
91.1%
OBP
Tim Salmon
91.1%
OBP
Tim Salmon
91.1%
SLG
Tim Salmon
91.1%
OPS+
Tim Salmon
91.1%
RBI
Tim Salmon
91.1%
BB
Tim Salmon
91.1%
BB
Tim Salmon
91.1%
HR
Reggie Jackson
80.5%
3B
Figgins (2005) & Remy (1977)
77.2%
WAR
Chone Figgins
77%
PA
Chone Figgins
77%
PA
Chone Figgins
77%
AVG
Chone Figgins
77%
3B
Chone Figgins
77%
SB
Chone Figgins
77%
SB
Chone Figgins
77%
BB
Chone Figgins
77%
PA
Don Baylor
76.2%
HR
Don Baylor
76.2%
RBI
Don Baylor
76.2%
R
Don Baylor
76.2%
HBP
Don Baylor
76.2%
2B
Albert Pujols
76.1%
IBB
Albert Pujols
76.1%
HBP
Vaughn (2000) & Downing (1988)
74.5%
AVG
Rod Carew
73%
AVG
Rod Carew
73%
OBP
Rod Carew
73%
oWAR
Brian Downing
68.2%
PA
Brian Downing
68.2%
AVG
Brian Downing
68.2%
OBP
Brian Downing
68.2%
BB
Brian Downing
68.2%
HBP
Brian Downing
68.2%
HBP
Brian Downing
68.2%
WAR
Jim Fregosi
63.8%
WAR
Jim Fregosi
63.8%
oWAR
Jim Fregosi
63.8%
oWAR
Jim Fregosi
63.8%
3B
Jim Fregosi
63.8%
3B
Jim Fregosi
63.8%
2B
Jim Edmonds
62.7%
R
Jim Edmonds
62.7%
R
Jim Edmonds
62.7%
HR
Mo Vaughn
61.9%
RBI
Mo Vaughn
61.9%
WPA
Wally Joyner
61.1%
RBI
Wally Joyner
61.1%
IBB
Wally Joyner
61.1%
Statistic
Player
% Correct
WAR
Doug Decinces
56.3%
oWAR
Doug DeCinces
56.3%
OPS+
Doug DeCinces
56.3%
2B
Doug DeCinces
56.3%
H
Orlando Cabrera
55.7%
2B
Orlando Cabrera
55.7%
SB%
Orlando Cabrera
55.7%
HBP
David Eckstein
51.9%
HBP
David Eckstein
51.9%
HBP
David Eckstein
51.9%
AVG
Alex Johnson
50.2%
H
Alex Johnson
50.2%
PA
Albie Pearson
50.1%
OBP
Albie Pearson
50.1%
R
Albie Pearson
50.1%
SB%
Albie Pearson
50.1%
BB
Albie Pearson
50.1%
AB/
SO
Albie Pearson
50.1%
AB/
SO
Albie Pearson
50.1%
OBP
Chili Davis
49.3%
OBP
Chili Davis
49.3%
SLG
Chili Davis
49.3%
IBB
Chili Davis
49.3%
SLG
Kendrys Morales
47.9%
2B
Kendrys Morales
47.9%
SB
Curtis (1993), Polonia (1991)...
43.6%
3B
Devon White
38.8%
SB
Gary Pettis
38.1%
SB
Gary Pettis
38.1%
WPA
Leon Wagner
37.3%
HR
Leon Wagner
37.3%
HR
Bobby Bonds
36.7%
3B
Adam Kennedy
34.9%
SB
Luis Polonia
33.8%
SB
Luis Polonia
33.8%
OPS+
Frank Robinson
33%
IBB
Frank Robinson
33%
3B
Mickey Rivers
31.6%
3B
Mickey Rivers
31.6%
SB
Mickey Rivers
31.6%
SB%
Mickey Rivers
31.6%
R
Tony Phillips
27.7%
BB
Tony Phillips
27.7%
AB/
SO
Gary DiSarcina
21.9%
PA
Sandy Alomar
19.8%
PA
Sandy Alomar
19.8%
AB/
SO
Lyman Bostock
18.5%
WPA
Mark Teixeira
18.5%
2B
Johnny Ray
18.2%
AB/
SO
Johnny Ray
18.2%
AB/
SO
Johnny Ray
18.2%
3B
Bobby Knoop
17.3%
IBB
Bobby Knoop
17.3%
3B
Peter Bourjos
16.1%
HBP
José Guillén
15.1%
WPA
Don Mincher
13.8%
HBP
Brad Fullmer
13.6%
OPS+
Don Mincher
13.4%
AB/
SO
Casey Kotchman
11.9%
HBP
Rick Reichardt
9.9%
AB/
SO
Tim Foli
9.6%
AB/
SO
Tim Foli
9.6%
PA
Billy Moran
9.6%
SB%
Rex Hudler
9.2%
AB/
SO
Spike Owen
6.6%
SB%
Jeff Huson
3%
Quiz Playlist
Details
Report
Send in Message
Add To Playlist
More Info:
Qualifiers for rate stats require a minimum of 3.1 per team game played.
Classic:
Type in answers that appear in a list
Quiz Source
Last Updated: Feb 16, 2017
Quiz Scoreboard
CHALLENGE
Sign Up to Join the Scoreboard
Show All
Scores
Hide
Comments
May contain spoilers
Recently Published
Presidents Visiting Landmarks
by Hejman
History
7m
An Introduction to Baseball
by treessimontrees
Sports
5m
Movies - When Are They Set?
by FPL_Elf
Movies
5m
More to Explore
Quiz From the Vault
Featured Blog Post
Where Did the Easter Bunny Come From?
hide this ad
You Might Also Like...
Tags
Baseball Quiz
MLB Quiz
Franchise Leaders
Franchise Records
Individual Seasons
Los Angeles Angels
Single Season
Statistical Leaders
Stats Leaders
Today's Top Quizzes in Sports
Browse Sports
hide this ad
Today's Top Quizzes in Baseball
Browse Baseball
Top Contributed Quizzes in Sports
1
Les meilleurs buteurs des matchs entre le PSG et l’OM
2
2022 World Cup Stars
3
FIFA Club World Cup Champions
4
Les entraîneurs de l'OM et du PSG au 21e siècle
5
Name the Premier League winners with different clubs
6
La finale Lions - Afrique du Sud 2021
7
England Test cricketers to play under Nasser Hussain
8
5-to-1: UK Sports Teams
9
Les joueurs passés par le LOSC et le RC Lens
10
Criteria MLB: Left Handed Sluggers
Explore More
Trending Topics
Crossword
Marvel
Anime
NBA
Disney
Harry Potter
Kpop
The Office
NFL
Pokémon
Song
Puzzle
Soccer
Country
WWE
hide this ad
More By:
Wes_Mantooth
Quiz
Plays
Rating
Category
Featured
Created
Yankees Single Season Batting Top 10s
5,300
4.44
Sports
Feb 25, 2015
Blue Jays Single Season Batting Top 10s
5,039
4.95
Sports
Feb 26, 2015
Red Sox Single Season Batting Top 10s
4,500
4.60
Sports
Feb 25, 2015
Cardinals Single Season Batting Top 10s
4,012
4.80
Sports
Apr 25, 2015
Mets Single Season Batting Top 10s
3,550
4.57
Sports
Apr 17, 2015
Go to Creator's Profile
Score Distribution
Quiz Creator Spotlight
Wes_Mantooth
Follow
Send a Message
Quizzes Created
-
Created Quiz Play Count
-
More By This Creator
Popular Quizzes Today
1
Find the US States - No Outlines Minefield
2
Find the Countries of Europe - No Outlines Minefield
3
The Countries of the World
4
Popular People in 1961
5
Find the US States
6
US States
7
Risky Map Clicking: Biggest States A-Z
8
1-10 Letter E Words III
More Sports Quizzes
2017 NFL Hall of Fame
Published
Trending Quizzes
Risky Map Clicking: Least Populous States A-Z
1-10 Letter G Words
1-10 Letter F Words
One Thing in Common: United Kingdom
Risky Map Clicking: Next State Alphabetically
Recently Updated
Leaping Animals
pecheneg
Reality TV Shows (A-Z)
bhenderson79
Rickey Henderson's Hall of Fame Teammates
pecheneg
Champions League XIs: Arsenal
pecheneg
Quick Pick: Celebrities in WWE's Hall of Fame
aduchscher
A-Z Keypad Blitz II
pecheneg
Multiple Oscar Actors
pecheneg
Mystery Phrase Blitz: Oscar 'Best Actors'
pecheneg
F. Scott Fitzgerald Novels
LTH
Pick 3 Villains
ddd62291
Trending Topics
Disney
Anime
Harry Potter
NBA
Crossword
Kpop
Marvel
NFL
Song
Puzzle
Country
The Office
Soccer
WWE
Pokémon
Your Account Isn't Verified!
In order to create a playlist on Sporcle, you need to verify the email address you used during registration. Go to your
Sporcle Settings
to finish the process.
Report this User
Report this user for behavior that violates our
Community Guidelines
.
Details:
Send Report
Go to the Sporcle.com Mobile Site →
Comments